00657nam a2200157 a 450000100100000000500170001000800410002704000250006808200150009310000210010824501280012926000570025730000410031449000720035583000720042700002936020250924073803.0110415s1985 dr cd 000 0 spa d aDO-SdBNPbspacBNPHU axxxbB681m1 aBoin, Jacqueline13aEl método Marx :bun viraje en el pensamiento y en la acción de la humanidad /cJacqueline Boin, José Serrulle Ramia. aSanto Domingo :bEditora Universitaria- UASD,c1985. a43 p. :bdiagramas, retrs. ;c21 cm.1 aPublicaciones de la Universidad Autónoma de Santo Domingovv. 400 aPublicaciones de la Universidad Autónoma de Santo Domingovv. 400